Time series analysis and adjustment : (Record no. 57744)
[ view plain ]
| 000 -LEADER | |
|---|---|
| fixed length control field | 01180nam\a2200289\a\4500 |
| 001 - CONTROL NUMBER | |
| control field | 57744 |
| 005 - DATE AND TIME OF LATEST TRANSACTION | |
| control field | 20260405121736.0 |
| 008 - FIXED-LENGTH DATA ELEMENTS--GENERAL INFORMATION | |
| fixed length control field | 260405s2014 enka b 001 0 eng |
| 020 ## - INTERNATIONAL STANDARD BOOK NUMBER | |
| ISBN | 9781409441922 |
| Qualifying information | hardback : alk. paper |
| 020 ## - INTERNATIONAL STANDARD BOOK NUMBER | |
| Cancelled/invalid ISBN | 9781409441939 (ebook) |
| 020 ## - INTERNATIONAL STANDARD BOOK NUMBER | |
| Cancelled/invalid ISBN | 9781472400727 (epub) |
| 040 ## - CATALOGING SOURCE | |
| Original cataloging agency | DLC |
| Language of cataloging | eng |
| Transcribing agency | DLC |
| Modifying agency | BD-DhIUB |
| 082 00 - DEWEY DECIMAL CLASSIFICATION NUMBER | |
| Classification number | 330.0151955 |
| Edition number | 23 |
| Item number | B6467t |
| 100 1# - MAIN ENTRY--PERSONAL NAME | |
| Personal name | Bleikh, Haim Y. |
| 245 10 - TITLE STATEMENT | |
| Title | Time series analysis and adjustment : |
| Remainder of title | measuring, modelling and forecasting for business and economics / |
| Statement of responsibility, etc | by Haim Y. Bleikh, Taub Center for Social Policy Studies in Israel and Warren L. Young, Bar Ilan University, Israel. |
| 260 ## - PUBLICATION, DISTRIBUTION, ETC. (IMPRINT) | |
| Place of publication, distribution, etc | London: |
| Name of publisher, distributor, etc | Routledge Taylor and francis group, |
| Date of publication, distribution, etc | 2014 |
| 300 ## - PHYSICAL DESCRIPTION | |
| Extent | xii,136 pages : |
| Other physical details | illustrations ; |
| Dimensions | 24 cm |
| 504 ## - BIBLIOGRAPHY, ETC. NOTE | |
| Bibliography, etc | Includes bibliographical references and index. |
| 526 ## - STUDY PROGRAM INFORMATION NOTE | |
| School name | School of Business and Entrepreneurship |
| Department | Finance |
| Shelving Location | Reference Stacks |
| 541 ## - IMMEDIATE SOURCE OF ACQUISITION NOTE | |
| Source of acquisition | Risaam |
| 650 #0 - SUBJECT ADDED ENTRY--TOPICAL TERM | |
| Topical term or geographic name as entry element | Economics |
| General subdivision | Mathematical models. |
| 650 #0 - SUBJECT ADDED ENTRY--TOPICAL TERM | |
| Topical term or geographic name as entry element | Time-series analysis. |
| 650 #0 - SUBJECT ADDED ENTRY--TOPICAL TERM | |
| Topical term or geographic name as entry element | Economic forecasting. |
| 700 1# - ADDED ENTRY--PERSONAL NAME | |
| Personal name | Young, Warren L., |
| Dates associated with a name | 1949- |
| 942 ## - ADDED ENTRY ELEMENTS (KOHA) | |
| Source of classification or shelving scheme | Dewey Decimal Classification |
| Koha item type | Books |
| Withdrawn status | Lost status | Source of classification or shelving scheme | Damaged status | Not for loan | Home library | Current library | Shelving location | Date acquired | Source of acquisition | Cost, normal purchase price | Serial Enumeration / chronology | Total Checkouts | Full call number | Barcode | Date last seen | Copy number | Cost, replacement price | Price effective from | Koha item type |
|---|---|---|---|---|---|---|---|---|---|---|---|---|---|---|---|---|---|---|---|
| Dewey Decimal Classification | Not For Loan | Library, Independent University, Bangladesh (IUB) | Library, Independent University, Bangladesh (IUB) | Reference Stacks | 30/03/2026 | Purchase | 3990.00 | 2014 | 330.0151955 B6467t | 029614 | 05/04/2026 | 01 | 7980.00 | 30/03/2026 | Books | ||||
| Dewey Decimal Classification | Not For Loan | Library, Independent University, Bangladesh (IUB) | Library, Independent University, Bangladesh (IUB) | Reference Stacks | 30/03/2026 | Purchase | 3990.00 | 2014 | 330.0151955 B6467t | 029615 | 05/04/2026 | 02 | 7980.00 | 30/03/2026 | Books | ||||
| Dewey Decimal Classification | Not For Loan | Library, Independent University, Bangladesh (IUB) | Library, Independent University, Bangladesh (IUB) | Reference Stacks | 30/03/2026 | Purchase | 3990.00 | 2014 | 330.0151955 B6467t | 029616 | 05/04/2026 | 03 | 7980.00 | 30/03/2026 | Books |